MARC

Tag First Indicator Second Indicator Subfields
LEADER 00000cam a2200000 i 4500
001 in00004816213
008 001002s2001 ksu b 001 0 eng
005 20240808153703.7
010 |a  00011729  
035 |a (OCoLC)ocm45172179  
040 |a DLC  |b eng  |e rda  |c DLC  |d C#P  |d BAKER  |d BTCTA  |d YDXCP  |d OCLCG  |d HEBIS  |d EXW  |d ILU  |d BDX  |d OCLCF  |d OCLCO  |d OCLCQ  |d OCLCO  |d OCL  |d I8M  |d OCLCQ  |d CSJ  |d OCLCO  |d OCLCA  |d OCLCQ  |d OCLCA  |d EUQ  |d OCLCQ  |d OCLCA  |d OCLCO  |d NKM  |d OCLCO  |d OCLCL 
019 |a 1065389517  |a 1084282538 
020 |a 0700610898 
020 |a 9780700610891 
029 1 |a AU@  |b 000021899973 
029 1 |a HEBIS  |b 098765256 
029 1 |a NLGGC  |b 203732464 
029 1 |a YDXCP  |b 1748880 
035 |a (OCoLC)45172179  |z (OCoLC)1065389517  |z (OCoLC)1084282538 
043 |a n-us---  |a n-usu-- 
050 0 0 |a E839.5  |b .C635 2001 
082 0 0 |a 320.973  |2 21 
049 |a MAIN 
100 1 |a Cochran, Augustus B.,  |d 1946-  |1 https://id.oclc.org/worldcat/entity/E39PCjH3Vdy49JqxkJDfyKJHJC  |0 http://id.loc.gov/authorities/names/n00042962,  |e author 
245 1 0 |a Democracy heading South :  |b national politics in the shadow of Dixie /  |c Augustus B. Cochran III. 
264 1 |a Lawrence :  |b University Press of Kansas,  |c [2001] 
264 4 |c ©2001 
300 |a x, 307 pages ;  |c 24 cm 
336 |a text  |b txt  |2 rdacontent 
337 |a unmediated  |b n  |2 rdamedia 
338 |a volume  |b nc  |2 rdacarrier 
504 |a Includes bibliographical references (pages 281-299) and index. 
505 0 0 |t Dixie Deja Vu: Southern Politics All Over Again --  |t Politics in the Land of Cotton: Old Times There Should Not Be Forgotten --  |t Dual Convergence: The Reconstruction of the Unreconstructed South --  |t Dual Convergence II: The North Marches South --  |t Realignment Versus Dealignment: Hunting Where the Ducks Are --  |t Politics: America's Number One Problem --  |t Southern Symptoms: The Haunting Specter of V.O. Key --  |t Southern Horizons: The South of the Future and the South as Future. 
520 1 |a "In this book, Cochran links regional to national politics to show how our political institutions have come to resemble those of the old Solid South. The regional politics of that earlier era, he reminds us, offered little real political choice, was dominated by one-party politics, answered to well-heeled special interests, stoutly resisted federal power, ignored the region's festering racism, and promoted demagoguery and personality over substance and true accountability. For Cochran, the sense of deja vu is overwhelming - and alarming."--Jacket. 
590 |b TAG Physical Holdings 2 
651 0 |a United States  |x Politics and government  |y 1989-  |0 http://id.loc.gov/authorities/subjects/sh93001744 
651 0 |a Southern States  |x Politics and government  |y 1865-  |0 http://id.loc.gov/authorities/subjects/sh85125658 
650 0 |a Political culture  |z United States. 
650 0 |a Political culture  |z Southern States. 
650 0 |a Democracy  |z United States. 
650 0 |a Political participation  |z United States. 
651 6 |a États-Unis  |x Politique et gouvernement  |y 1989- 
651 6 |a États-Unis (Sud)  |x Politique et gouvernement  |y 1865- 
650 6 |a Participation politique  |z États-Unis. 
650 7 |a Democracy  |2 fast 
650 7 |a Political culture  |2 fast 
650 7 |a Political participation  |2 fast 
650 7 |a Politics and government  |2 fast 
651 7 |a Southern States  |2 fast 
651 7 |a United States  |2 fast  |1 https://id.oclc.org/worldcat/entity/E39PBJtxgQXMWqmjMjjwXRHgrq 
650 7 |a Politische Kultur  |2 gnd 
650 7 |a Politische Beteiligung  |2 gnd 
650 7 |a Demokratie  |2 gnd 
651 7 |a USA  |x Südstaaten  |2 gnd 
651 7 |a USA  |2 gnd 
648 7 |a Since 1865  |2 fast 
758 |i has work:  |a Democracy heading South (Text)  |1 https://id.oclc.org/worldcat/entity/E39PCFDGgPJXQg6k9T36v4W4bd  |4 https://id.oclc.org/worldcat/ontology/hasWork 
776 0 8 |i Online version:  |a Cochran, Augustus B., 1946-  |t Democracy heading South.  |d Lawrence : University Press of Kansas, ©2001  |w (OCoLC)606504138 
776 0 8 |i Online version:  |a Cochran, Augustus B., 1946-  |t Democracy heading South.  |d Lawrence : University Press of Kansas, ©2001  |w (OCoLC)609931862 
938 |a Baker & Taylor  |b BKTY  |c 29.95  |d 22.46  |i 0700610898  |n 0003621729  |s active 
938 |a Brodart  |b BROD  |n 56772637  |c $29.95 
938 |a Baker and Taylor  |b BTCP  |n 00011729 
938 |a YBP Library Services  |b YANK  |n 1748880 
994 |a 92  |b TAG 
852 |a TAG  |b TAGC  |c galv,stk  |h E839.5 .C635 2001  |t c.1 
876 |c 23.96  |p 33620000991550  |x Acc# 2003-0532  |v unmediated -- volume 
999 f f |s ff54de91-2c7a-4d38-a22a-4e29254b0275  |i f7ebd347-af6d-4af2-a385-f6fcb08af1b2  |t 0 
952 f f |p normal  |a Texas A&M University  |b Galveston Campus  |c Jack K. Williams Library  |d Galveston Stacks  |t 0  |e E839.5 .C635 2001  |h Library of Congress classification  |i unmediated -- volume  |m 33620000991550 
998 f f |a E839.5 .C635 2001  |t 0  |l Galveston Stacks